Vplyv prídavku reaktívneho aditíva na vlastnosti zmesi PLA/PHB diplomová práca

Na minha lista:
Detalhes bibliográficos
Autor principal: Medvecová, Jana
Formato: Livro
Idioma:eslovaco
Publicado em: Bratislava STU FCHPT 2019
Acesso em linha:View in OPAC
Tags: Adicionar Tag
Sem tags, seja o primeiro a adicionar uma tag!

MARC

LEADER 00000nam a2200000 a 4500
005 20260127134237.0
008 190701 2019 xo a 001 0 slo d
035 |a vtls011874549 
039 9 |y 201907010946  |z mschk03 
040 |a STUSCHK1  |b slo  |c STUSCHK1  |e AACR2 
100 1 |a Medvecová, Jana 
245 1 |a Vplyv prídavku reaktívneho aditíva na vlastnosti zmesi PLA/PHB  |b diplomová práca  |c Jana Medvecová 
260 |a Bratislava  |b STU FCHPT  |c 2019 
300 |a 85 s.  |b Obr., tab.  |c 25 cm 
500 |a Študijný program: prírodné a syntetické polyméry 
500 |a Študijný odbor: chemické technológie 
500 |a Školiace pracovisko: Oddelenie plastov, kaučuku a vlákien 
500 |a Evid. číslo: FCHPT-13576-76398 
910 |a SCHK95 
999 |c 7670  |d 7670